| 000 | 00874nam a2200253 a 4500 | ||
|---|---|---|---|
| 005 | 20250405063829.0 | ||
| 008 | 150429s2006 mx r 000 0 spa d | ||
| 020 | _a9788496571419 | ||
| 035 | _aUPN01000203156 | ||
| 049 | _aCG | ||
| 050 | 4 |
_aRC570 _bT3.7 |
|
| 100 | 1 |
_aTallis, Jaime _932522 |
|
| 245 | 1 | 0 |
_aTrastornos psicopatológicos y comportamentales en el retardo mental / _cJaime Tallis, Jorge A. Casarella, Nora Grañana. |
| 260 |
_aBuenos Aires : _bMiño y Dávila, _c2006. |
||
| 300 |
_a176 p. : _bil., fotos, cuadros |
||
| 440 | 0 | _aRetardo mental y educación especial | |
| 650 | 0 |
_aPersonas con discapacidad mental _95134 |
|
| 650 | 4 |
_aPERSONAS CON DISCAPACIDAD MENTAL - _xREHABILITACION _913814 |
|
| 650 | 2 |
_aDeficiencia mental _910638 |
|
| 700 | 1 |
_aCasarella, Jorge, _ecoaut. |
|
| 700 | 1 |
_aGrañana, Nora, _ecoaut. |
|
| 905 | _aLibro | ||
| 999 |
_c175257 _d175257 |
||